Propuesta de tratamiento de las aguas residuales previa evaluación de producción más limpia den la Embotelladora Nacional S.A. (ENSA)

Comprende una evaluación que incluye la caracterización de los parámetros fisicoquímicos del agua cruda y tratada como temperatura pH, turbidez, sólidos totales disueltos, alcalinidad, dureza, hierro y cloro residual. Se determinaron las dosificaciones requeridas de químicos en el tratamiento...

Full description

Bibliographic Details
Main Author: Mendoza Ortiz, Lesbia
Other Authors: Tutor: Korsak, Larisa
Format: Tesis Section = Libro
Language:Undetermined
Spanish
Published: Managua UNI 2002
Subjects:
LEADER 01719nam a2200253Ia 4500
008 240830s9999 xx 000 0 und d
040 |a BIBLIOTECA-RUSB/ Mon 628.3 M539 
041 |a spa 
082 |a Mon 628.3 M539 
100 1 |a Mendoza Ortiz, Lesbia 
245 1 0 |a Propuesta de tratamiento de las aguas residuales previa evaluación de producción más limpia den la Embotelladora Nacional S.A. (ENSA) 
260 |a Managua  |b UNI  |c 2002 
300 |a 148 p. :il. 
500 |a Contiene: anexos. 
502 |a Tesis (Ingeniero Químico) - UNI, 2002. 
520 3 |a Comprende una evaluación que incluye la caracterización de los parámetros fisicoquímicos del agua cruda y tratada como temperatura pH, turbidez, sólidos totales disueltos, alcalinidad, dureza, hierro y cloro residual. Se determinaron las dosificaciones requeridas de químicos en el tratamiento de agua por medio de la prueba de jarras, así como las cargas básicas que se requieren en el tratamiento de agua. Posteriormente se implementaron las dosificaciones óptimas encontradas en las pruebas de jarras en el proceso de tratamiento de agua a nivel planta. Incluye el Acondicionamiento de agua para las industrias, diferentes calidades de agua, parámetros fisicoquímicos importantes en el agua para consumo humano, parámetros estándares del agua tratada, métodos de tratamiento de agua, descripción del proceso productivo en ENSA. 
650 7 |a TRATAMIENTO Y ELIMINACION DE AGUAS NEGRAS - ENSA 
650 7 |b  AERACION, TRATAMIENTO BIOLOGICO - ENSA 
650 7 |c  CONTAMINACION DEL AGUA 
650 7 |d  PRODUCCION MÁS LIMPIA - ENSA 
700 1 |a Tutor:  |b Korsak, Larisa 
942 |c BK  |2 ddc 
991 |a TESIS 
999 |c 20483